000 00367 a2200145 4500
001 167529
020 _a
040 _cMagnum
100 _aMolina Neto, Vicente
240 1 0 _aA pratica do esporte nas escolas de 1º e 2º graus
_lpor
245 1 0 _aA pratica do esporte nas escolas de 1º e 2º graus
362 0 _a1899
697 _aEDUCACAO FISICA
942 _cBK
999 _c167529
_d167529